| Tag |
First Indicator |
Second Indicator |
Subfields |
| LEADER |
00000cam a22000008i 4500 |
| 001 |
in00000351021 |
| 005 |
20151011070643.0 |
| 008 |
770503s1977 nyu b 00110 eng |
| 010 |
|
|
|a 77006696
|
| 020 |
|
|
|a 0393056430
|
| 035 |
|
|
|a (OCoLC)02984456
|
| 035 |
|
|
|9 ABN8547AM
|
| 040 |
|
|
|a DLC
|c DLC
|d TXA
|d UtOrBLW
|
| 043 |
|
|
|a n-us-ny
|
| 049 |
|
|
|a TXAM
|c [1185890]
|
| 050 |
0 |
0 |
|a HG4572
|b .S6723 1977
|
| 082 |
0 |
|
|a 332.6/42/097471
|
| 100 |
1 |
|
|a Sobel, Robert,
|d 1931 February 19-1999.
|
| 245 |
1 |
0 |
|a Inside Wall Street :
|b continuity and change in the financial district /
|c Robert Sobel.
|
| 250 |
|
|
|a 1st ed.
|
| 264 |
|
1 |
|a New York :
|b Norton,
|c [1977]
|
| 264 |
|
4 |
|c ©1977
|
| 300 |
|
|
|a 288 pages ;
|c 22 cm.
|
| 336 |
|
|
|a text
|b txt
|2 rdacontent
|
| 337 |
|
|
|a unmediated
|b n
|2 rdamedia
|
| 338 |
|
|
|a volume
|b nc
|2 rdacarrier
|
| 500 |
|
|
|a Includes index.
|
| 504 |
|
|
|a Bibliography: pages [275]-279.
|
| 610 |
2 |
0 |
|a New York Stock Exchange.
|
| 651 |
|
0 |
|a Wall Street (New York, N.Y.)
|
| 999 |
|
|
|a MARS
|
| 999 |
f |
f |
|s 318751b7-eaed-3b92-b561-17a639b2bb55
|i 0ee86db3-ecdf-3a9c-8620-a5bed3522999
|t 0
|
| 952 |
f |
f |
|p normal
|a Texas A&M University
|b College Station
|c Sterling C. Evans Library
|d Evans: Library Stacks
|t 0
|e HG4572 .S6723 1977
|h Library of Congress classification
|i unmediated -- volume
|m A14802885194
|
| 998 |
f |
f |
|a HG4572 .S6723 1977
|t 0
|l Evans: Library Stacks
|